[Event "Titled Tuesday intern op 02nd Apr Early"]
[Site "Chess.com INT"]
[Date "2024.04.02"]
[Round "10"]
[White "Kunal, M."]
[Black "Labussiere, Yago"]
[Result "1-0"]
[WhiteElo "2250"]
[BlackElo "2184"]
[PlyCount "81"]
[EventDate "2024.04.02"]
[EventType "swiss (blitz)"]
[EventRounds "11"]
[EventCountry "USA"]
[SourceTitle "CB15_2024"]
[SourceDate "2024.04.10"]
[SourceVersion "1"]
[SourceVersionDate "2024.04.10"]
[SourceQuality "1"]

1. e4 c5 2. Nf3 Nc6 3. Bb5 g6 4. 0-0 Bg7 5. Bxc6 bxc6 6. Re1 Nh6 7. c3 0-0 8. d4 cxd4 9. cxd4 d5 10. e5 f6 11. e6 Nf5 12. Nc3 Nd6 13. Bf4 g5 14. Bxd6 Qxd6 15. Qe2 g4 16. Nd2 f5 17. Nb3 Rf6 18. Nc5 Rh6 19. g3 Bxd4 20. Qd2 Bg7 21. Nd7 Rxe6 22. Rxe6 Qxe6 23. Nc5 Qd6 24. Nb3 e5 25. Rc1 d4 26. Na4 Be6 27. Nac5 Bf7 28. Qg5 Qg6 29. Qe7 Re8 30. Qd7 f4 31. Nb7 f3 32. Nd6 Qh5 33. h4 Rf8 34. Rxc6 Bxb3 35. axb3 Qg6 36. Kh2 Qb1 37. Rc7 Qg6 38. Nc8 h5 39. Ne7+ Kh7 40. Nxg6 Kxg6 41. Qxg7+ 1-0

[Event "Titled Tuesday intern op 02nd Apr Late"]
[Site "Chess.com INT"]
[Date "2024.04.02"]
[Round "10"]
[White "Rohwer, Paul"]
[Black "Labussiere, Yago"]
[Result "1-0"]
[WhiteElo "2225"]
[BlackElo "2184"]
[PlyCount "81"]
[EventDate "2024.04.02"]
[EventType "swiss (blitz)"]
[EventRounds "11"]
[EventCountry "USA"]
[SourceTitle "CB15_2024"]
[SourceDate "2024.04.10"]
[SourceVersion "1"]
[SourceVersionDate "2024.04.10"]
[SourceQuality "1"]

1. e4 c5 2. Nf3 Nc6 3. d4 cxd4 4. Nxd4 Nf6 5. Nc3 e5 6. Ndb5 d6 7. Bg5 a6 8. Na3 b5 9. Nd5 Be7 10. Bxf6 Bxf6 11. c3 Bg5 12. Nc2 Rb8 13. g3 0-0 14. h4 Bh6 15. Bd3 a5 16. 0-0 Be6 17. Nce3 Bxe3 18. Nxe3 Ne7 19. Qe2 Qb6 20. a3 Rfc8 21. Nf5 Nxf5 22. exf5 Bc4 23. Rad1 f6 24. Bxc4+ bxc4 25. Rd2 Rc6 26. Rfd1 Kh8 27. Qe4 Qc7 28. g4 Rcb6 29. g5 Rf8 30. g6 Kg8 31. Qd5+ Kh8 32. h5 Rfb8 33. Qxa5 Qd7 34. Qd5 Qxf5 35. Qg2 Rxb2 36. Rxd6 Qc8 37. gxh7 Kxh7 38. Rd7 Qf8 39. Qg6+ Kh8 40. h6 R2b7 41. hxg7+ 1-0

[Event "BRA-ch 89th"]
[Site "Recife"]
[Date "2023.12.14"]
[Round "3"]
[White "Supi, Luis Paulo"]
[Black "Labussiere, Yago"]
[Result "1-0"]
[WhiteElo "2579"]
[BlackElo "2182"]
[PlyCount "69"]
[EventDate "2023.12.13"]
[EventType "swiss"]
[EventRounds "11"]
[EventCountry "BRA"]
[SourceTitle "CB52_2023"]
[SourceDate "2023.12.27"]
[SourceVersion "1"]
[SourceVersionDate "2023.12.27"]
[SourceQuality "1"]

1. e4 c5 2. Nf3 d6 3. d4 cxd4 4. Nxd4 Nf6 5. Nc3 Nc6 6. h3 g6 7. Be3 Bg7 8. Bb5 Bd7 9. Bd3 Nxd4 10. Bxd4 0-0 11. 0-0 a5 12. Qe2 Bc6 13. Rad1 Nd7 14. Bxg7 Kxg7 15. Bb5 Qb6 16. Bxc6 bxc6 17. b3 Nc5 18. a4 Qb4 19. Qe3 Ne6 20. Rd3 Qc5 21. Qd2 Rae8 22. Kh1 g5 23. Ne2 f5 24. exf5 Rxf5 25. Ng3 Rd5 26. Nh5+ Kg6 27. Re1 Re5 28. Rxe5 dxe5 29. Ng3 Rf8 30. Ne4 Qb6 31. Rd7 Rd8 32. Qd3 Nf4 33. Qd1 Ne6 34. Qg4 Rxd7 35. Qxe6+ 1-0

[Event "Rio Verde Goiano op"]
[Site "Rio Verde"]
[Date "2023.12.03"]
[Round "5"]
[White "Labussiere, Yago"]
[Black "Ferraz, Michel Liah"]
[Result "1/2-1/2"]
[WhiteElo "2182"]
[BlackElo "1961"]
[PlyCount "73"]
[EventDate "2023.12.01"]
[EventType "swiss"]
[EventRounds "6"]
[EventCountry "BRA"]
[SourceTitle "CB50_2023"]
[SourceDate "2023.12.13"]
[SourceVersion "1"]
[SourceVersionDate "2023.12.13"]
[SourceQuality "1"]

1. e4 e5 2. Bc4 Nf6 3. d3 Bc5 4. Nf3 d6 5. 0-0 0-0 6. c3 a5 7. h3 h6 8. a4 Nc6 9. Nbd2 Re8 10. Re1 Be6 11. Qb3 Rb8 12. Nf1 Ba7 13. Be3 Nh5 14. Rad1 Bxc4 15. Qxc4 Bxe3 16. Nxe3 Nf4 17. Nd5 Nxd5 18. Qxd5 Qd7 19. Qb5 b6 20. d4 Rbd8 21. d5 Nb8 22. Qc4 Qc8 23. b4 Qa6 24. Qxa6 Nxa6 25. Rb1 Ra8 26. Nd2 Ra7 27. Nc4 axb4 28. cxb4 Nb8 29. a5 bxa5 30. Nxa5 Nd7 31. Rbc1 Nb6 32. Rc2 Na8 33. Rec1 Kf8 34. Kf1 Ra6 35. Ke2 Rb8 36. Nc6 Rb5 37. Rd2 1/2-1/2

[Event "Titled Tuesday intern op 26th Sep Early"]
[Site "Chess.com INT"]
[Date "2023.09.26"]
[Round "1"]
[White "Labussiere, Yago"]
[Black "Kleiman, Jake"]
[Result "0-1"]
[WhiteElo "2203"]
[BlackElo "2399"]
[PlyCount "77"]
[EventDate "2023.09.26"]
[EventType "swiss (blitz)"]
[EventRounds "11"]
[EventCountry "USA"]
[SourceTitle "EXT 2024"]
[Source "ChessBase"]
[SourceDate "2023.10.10"]
[SourceVersion "1"]
[SourceVersionDate "2023.10.10"]
[SourceQuality "1"]

1. c4 e6 2. Nf3 Nf6 3. g3 d5 4. Bg2 dxc4 5. Qa4+ c6 6. Qxc4 b5 7. Qc2 Bb7 8. 0-0 Nbd7 9. b3 a6 10. Bb2 c5 11. d3 Be7 12. e4 0-0 13. Nc3 Rc8 14. Rad1 Qb6 15. Rfe1 Rfd8 16. h3 h6 17. Nb1 Nb8 18. Nbd2 Nc6 19. a3 Rd7 20. Ne5 Nxe5 21. Bxe5 Rcd8 22. Nb1 Ne8 23. Kh2 Bf6 24. Bxf6 Nxf6 25. f4 Rd4 26. Nc3 c4 27. dxc4 bxc4 28. bxc4 Rxc4 29. Rxd8+ Qxd8 30. Qb2 Qc7 31. Re3 h5 32. Bf1 Rd4 33. Bg2 h4 34. e5 hxg3+ 35. Kxg3 Nh5+ 36. Kg4 Rxf4+ 37. Kxh5 Qe7 38. Qf2 Rxf2 39. Rg3 0-1

[Event "Titled Tuesday intern op 26th Sep Early"]
[Site "Chess.com INT"]
[Date "2023.09.26"]
[Round "3"]
[White "Tulchynskyi, Feliks"]
[Black "Labussiere, Yago"]
[Result "1-0"]
[WhiteElo "2228"]
[BlackElo "2203"]
[PlyCount "25"]
[EventDate "2023.09.26"]
[EventType "swiss (blitz)"]
[EventRounds "11"]
[EventCountry "USA"]
[SourceTitle "EXT 2024"]
[Source "ChessBase"]
[SourceDate "2023.10.10"]
[SourceVersion "1"]
[SourceVersionDate "2023.10.10"]
[SourceQuality "1"]

1. d4 Nf6 2. Nc3 g6 3. e4 d6 4. Be3 e5 5. dxe5 dxe5 6. Qxd8+ Kxd8 7. 0-0-0+ Nbd7 8. Nf3 c6 9. Nxe5 Ke8 10. Nxd7 Bxd7 11. f3 Bg7 12. Bc4 Nh5 13. Bxf7+ 1-0